|
|
|
|
| LEADER |
01896cas a2200313 a 4500 |
| 001 |
AALejournalIMF020193 |
| 008 |
230101c9999 xx r poo 0 0eng d |
| 020 |
|
|
|c 5.00 USD
|
| 020 |
|
|
|z 9781498338592
|
| 022 |
|
|
|a 2663-3493
|
| 040 |
|
|
|a BD-DhAAL
|c BD-DhAAL
|
| 110 |
2 |
|
|a International Monetary Fund.
|
| 245 |
1 |
0 |
|a 2011 Triennial Surveillance Review :
|b External Commentary.
|
| 264 |
|
1 |
|a Washington, D.C. :
|b International Monetary Fund,
|c 2011.
|
| 300 |
|
|
|a 1 online resource (14 pages)
|
| 490 |
1 |
|
|a Policy Papers
|
| 500 |
|
|
|a <strong>Off-Campus Access:</strong> No User ID or Password Required
|
| 500 |
|
|
|a <strong>On-Campus Access:</strong> No User ID or Password Required
|
| 506 |
|
|
|a Electronic access restricted to authorized BRAC University faculty, staff and students
|
| 520 |
3 |
|
|a Commentary prepared by Martin Wolf, Associate Editor and Chief Economics Commentator, Financial Times, London: "With countries naturally reluctant to cede any control over their own monetary and fiscal policies, it is likely that the IMF will have as instruments only the powers of analysis, persuasion, and, in Keynes" own favourite words, "ruthless truth-telling". That phrase does not conjure up many memories of any of the many international meetings I have attended. But unless the IMF has the self-confidence to play that role, its deliberations and statements will carry little weight. The Fund requires an independent, respected and clear voice." Mervyn King, 2006.
|
| 538 |
|
|
|a Mode of access: Internet
|
| 650 |
|
7 |
|a Bully Fund Staff
|2 imf
|
| 650 |
|
7 |
|a Fund Economist
|2 imf
|
| 650 |
|
7 |
|a Policy Regime
|2 imf
|
| 650 |
|
7 |
|a PP
|2 imf
|
| 650 |
|
7 |
|a World Economy
|2 imf
|
| 651 |
|
7 |
|a United States
|2 imf
|
| 830 |
|
0 |
|a Policy Papers; Policy Paper ;
|v No. 2011/062
|
| 856 |
4 |
0 |
|z Full text available on IMF
|u http://elibrary.imf.org/view/journals/007/2011/062/007.2011.issue-062-en.xml
|z IMF e-Library
|